| 000 -LEADER |
| fixed length control field |
00427pab a2200157 454500 |
| 008 - FIXED-LENGTH DATA ELEMENTS--GENERAL INFORMATION |
| fixed length control field |
180718b2002 xxu||||| |||| 00| 0 eng d |
| 100 ## - MAIN ENTRY--PERSONAL NAME |
| Personal name |
Rao, K. Seshagiri |
| 245 ## - TITLE STATEMENT |
| Title |
Comprehensive reproductive health: an operations research study |
| 260 ## - PUBLICATION, DISTRIBUTION, ETC. |
| Date of publication, distribution, etc. |
2002 |
| 300 ## - PHYSICAL DESCRIPTION |
| Extent |
p.49-65. |
| 650 ## - SUBJECT ADDED ENTRY--TOPICAL TERM |
| Topical term or geographic name entry element |
Health services |
| 700 ## - ADDED ENTRY--PERSONAL NAME |
| Personal name |
Joshi, Beena |
| 700 ## - ADDED ENTRY--PERSONAL NAME |
| Personal name |
Ranbennur, Virupax |
| 773 ## - HOST ITEM ENTRY |
| Main entry heading |
Journal of Family Welfare |
| 909 ## - |
| -- |
56691 |